Science Quiz

Random Science or Anatomy Quiz

Cranial Nerves Quiz Stats

 Plays Quiz Updated Oct 31, 2018

Score 0/12 Timer 05:00
26 Plays Today
Function Nerve % Correct
VisionOptic nerve
89.3%
Sense of smellOlfactory nerve
88.6%
Involved in controlling heart rate, speech, digestion, and sweatingVagus nerve
73.6%
Controls the muscles of facial expressionFacial nerve
73.6%
Controls touch and pain from the face and head and the muscles for chewingTrigeminal nerve
69.5%
Senses sound, rotation and gravityVestibulocochlear nerve
66.7%
Controls eye movement and also pupil dilationOculomotor nerve
62.8%
Controls tongue movementsHypoglossal nerve
62.4%
Controls rotating the eye towards the nose & moving the eye downwardTrochlear nerve
60.9%
Controls turning the eye laterallyAbducens nerve
59%
Controls shoulder and neck musclesAccessory nerve
58.5%
Partially controls taste & some muscles used for swallowingGlossopharyngeal nerve
56.1%

You're not logged in!

Compare scores with friends on all Sporcle quizzes.
OR
Log In

You Might Also Like...

Show Comments

Extras

Top Quizzes Today


Score Distribution

Your Account Isn't Verified!

In order to create a playlist on Sporcle, you need to verify the email address you used during registration. Go to your Sporcle Settings to finish the process.

Report this User

Report this user for behavior that violates our Community Guidelines.

Details: